| 000 | 00418nam a2200181Ia 4500 | ||
|---|---|---|---|
| 005 | 20240823012018.0 | ||
| 008 | 240823s9999||||xx |||||||||||||| ||und|| | ||
| 041 | _aENGLISH | ||
| 082 | _A621.381 P2 | ||
| 100 | _aSantiram Kal | ||
| 245 | 0 | _aBasic Electronics | |
| 250 | _a1st | ||
| 260 |
_c2002 _b"PHI,New Delhi" |
||
| 500 | _aTransfered | ||
| 650 |
_aElectronics _bElectronics |
||
| 942 | _cBK | ||
| 999 |
_c163175 _d163175 |
||